000 01119nam a22002897a 4500
001 8138
003 FISKH
005 20250828093923.0
008 250828b cb ||||| |||| 00| 0 eng d
020 _a9780340655818
040 _aFISKH
_beng
_cFISKH
_dFISKH
082 _a823.914
100 _aDaniel, Lucy
245 _aRoo on the Rock /
_cBy Lucy Daniel : Illustrated by Shelagh McNicholas
250 _aFirst published in Great Britain in 1996
260 _aLondon :
_bHolder Children's Books ,
_c1996.
300 _a156 pages :
_billustrations ;
_c20 cm .
490 _aAnimal Ark In Australia
_v18
505 _aP
520 _aMandy rescues an orphaned baby kangaroo but he's too young to survive on his own and will have to be sent to a zoo. Mandy hates the idea of the baby roo being stuck in captivity and racks her brains for a way to keep him in the wild. Can Mandy help Moonbeam escape?
521 8 _a650
_bLexile estimate
521 8 _aP
_bRaz-Plus
650 _a Animal Ark
_vFiction
700 _aMcNicholas, Shelagh
_eillustrator
942 _2ddc
_cBK
_n0
999 _c8138
_d8138